00504nam a2200157 a 4500020001800000082001700018100001900035245007200054260004600126300000900172500003500181650000900216942000700225952009700232999001700329 a817058051X 00a294.543bAUY aAurobindo, Sri aLiving Within: The Yoga Approach to Psychological Health and Growth aPandicherry bSri Aurobindo Ashram c2000 a179p aincludes index and biblioraphy aYoga cBK 00104070aHMIbHMId2007-04-13g50.00l0o294.543 AURp021669r2007-04-13w2026-01-16yBK c16253d16253